000 00466ntaaa2200181 4500
003 01
005 20251027202743.0
008 0714s1973 ag 01
040 _aAR-BaBN
_bspa
_cAR-BaBN
_eaacr
_dRIC
082 _a790.0000 D56
245 _aHow to entertain your guests
250 _a1 ed.
260 _aLondon :
_bWells, Gardner, Darton and Company,
_cn.f.
300 _a126 p
650 _arecreación
_918895
700 _aDickinson, Dorothy
_927587
942 _cBK
999 _c22786
_d22786